La inteligencia del niño pequeño /

Guardado en:
Autor Principal: Goodenough, F. L.
Otros Autores: Terman, L. M.
Formato: Libro
Publicado: Argentina : Paid¢s, 1965
Materias:
Etiquetas: Agregar Etiqueta
Sin Etiquetas, Sea el primero en etiquetar este registro!
LEADER 00630nam a22001935a 4500
001 CEM.cems002996
005 19000101000000.0
008 130507s1965##################000#0#####d
003 CEMS
082 0 4 |a 151 
100 1 |a Goodenough, F. L. 
245 1 0 |a La inteligencia del niño pequeño /  |c  F. L. Goodenough y L. M. Terman 
260 |a Argentina :  |b Paid¢s,  |c 1965 
300 |a 84 p. 
505 0 |a Psicologia experimental: teoria y metodo;los datos empiricos;diseno experimental 
653 |a NiÑos-inteligencia 
653 |a Psicologia del niÑo 
700 1 |a Terman, L. M. 
859 |a CEMS  |b BIB. CEMS - 11 de abril  |h 151  |i G614  |p 706.73  |t Ej.1